Engineering Physics/ (Record no. 186219)

MARC details
000 -LEADER
fixed length control field 00712nam a22002297a 4500
005 - DATE AND TIME OF LATEST TRANSACTION
control field 20220217114720.0
010 ## - LCCN (DPL NO)
LC control number ENG-131650
020 ## - INTERNATIONAL STANDARD BOOK NUMBER
International Standard Book Number 9789388096188
Terms of availability 281.00
035 ## - SYSTEM CONTROL NUMBER
System control number EN-115182
037 ## - SOURCE OF ACQUISITION
Source of stock number/acquisition DBAD
082 ## - DEWEY DECIMAL CLASSIFICATION NUMBER
Classification number 530.02462
100 ## - MAIN ENTRY--PERSONAL NAME
Personal name Rao, C.V. Madhusudhana
245 ## - TITLE STATEMENT
Title Engineering Physics/
Statement of responsibility, etc C.V. Madhusudhana Rao et.al.
260 ## - PUBLICATION, DISTRIBUTION, ETC. (IMPRINT)
Place of publication, distribution, etc Hyderabad
Name of publisher, distributor, etc Spectrum Publishing House
Date of publication, distribution, etc 2020
270 ## - ADDRESS
Address # 326/C, III Floor, Surneni Nilayam Near B K Guda Park, S R Nagar
City Hyderabad
Postal code 500038
300 ## - PHYSICAL DESCRIPTION
Extent xvi, 320p.
Dimensions 24cm(pbk)
700 ## - ADDED ENTRY--PERSONAL NAME
Personal name Reddy, P. Srinivas
700 ## - ADDED ENTRY--PERSONAL NAME
Personal name Kumar, D. Raj
700 ## - ADDED ENTRY--PERSONAL NAME
Personal name Reddy, K. Raji
700 ## - ADDED ENTRY--PERSONAL NAME
Personal name Sharada, K.
942 ## - ADDED ENTRY ELEMENTS (KOHA)
Source of classification or shelving scheme Dewey Decimal Classification
Item type English Books
Classification part 530.2462
Call number suffix RAO
Holdings
Withdrawn status Lost status Not for loan Collection code Home library Current library Date acquired Source of acquisition Cost, normal purchase price Full call number Barcode Copy number Cost, replacement price Koha item type
      Non-fiction Patel Nagar Patel Nagar 17/02/2022 DBAD/PUB 281.00 530.2462 RAO EN-115182 1 281.00 English Books

© Delhi Public Library
Hit Counter
free hit counter